[Event "Catalunya-chT Gp1"]
[Site "Barcelona"]
[Date "2018.03.03"]
[Round "7.5"]
[White "Martinez Lopez, Ivan"]
[Black "Estrella Vidiella, Jordi"]
[Result "1/2-1/2"]
[WhiteElo "2183"]
[BlackElo "2286"]
[PlyCount "23"]
[EventDate "2018.01.20"]
[EventType "team-tourn"]
[EventRounds "7"]
[EventCountry "ESP"]
[SourceTitle "EXT 2019"]
[Source "ChessBase"]
[SourceDate "2018.10.10"]
[SourceVersion "1"]
[SourceVersionDate "2018.10.10"]
[SourceQuality "1"]
[WhiteTeam "Lleida"]
[BlackTeam "Foment Martinenc"]
[WhiteTeamCountry "ESP"]
[BlackTeamCountry "ESP"]

1. Nf3 Nf6 2. g3 c5 3. c4 d5 4. cxd5 Nxd5 5. Bg2 Nc6 6. 0-0 e5 7. Nc3 Nc7 8. d3 Be7 9. Ne1 Bd7 10. Nc2 0-0 11. Ne3 Rb8 12. Ncd5 1/2-1/2

[Event "Catalunya-chT Gp1"]
[Site "Barcelona"]
[Date "2018.02.24"]
[Round "6.7"]
[White "Estrella Vidiella, Jordi"]
[Black "Pinsach Gelabert, Alexandre"]
[Result "0-1"]
[WhiteElo "2286"]
[BlackElo "2113"]
[PlyCount "167"]
[EventDate "2018.01.20"]
[EventType "team-tourn"]
[EventRounds "7"]
[EventCountry "ESP"]
[SourceTitle "EXT 2019"]
[Source "ChessBase"]
[SourceDate "2018.10.10"]
[SourceVersion "1"]
[SourceVersionDate "2018.10.10"]
[SourceQuality "1"]
[WhiteTeam "Foment Martinenc"]
[BlackTeam "Figueres"]
[WhiteTeamCountry "ESP"]
[BlackTeamCountry "ESP"]

1. e4 c5 2. Nf3 d6 3. d4 cxd4 4. c3 d3 5. Bxd3 Nf6 6. c4 Nc6 7. h3 g6 8. Nc3 Bg7 9. 0-0 0-0 10. Be3 Nd7 11. Qd2 Nc5 12. Bc2 Be6 13. b3 Qa5 14. Nd4 f5 15. exf5 Bxf5 16. Bxf5 gxf5 17. Nxc6 bxc6 18. Rac1 Bxc3 19. Qxc3 Qxc3 20. Rxc3 Ne4 21. Rd3 f4 22. Bc1 Rad8 23. Ba3 Ng5 24. Re1 Rd7 25. Bc1 Rf5 26. g3 Nxh3+ 27. Kg2 Ng5 28. Bxf4 Nf7 29. Re6 Nd8 30. Rh6 Nf7 31. Re6 Nd8 32. Rh6 Nf7 33. Rh1 e5 34. Be3 d5 35. Rh4 d4 36. Bc1 c5 37. Rd1 Nd6 38. g4 Rf6 39. Rh6 Rxh6 40. Bxh6 Kf7 41. f3 e4 42. fxe4 Nxe4 43. Bf4 Nc3 44. Rh1 Ke8 45. Bd2 Nxa2 46. Rh5 Nc3 47. Rxc5 Nb1 48. Re5+ Kf7 49. Ba5 d3 50. Re1 d2 51. Rd1 Rd3 52. c5 Rxb3 53. c6 Ke6 54. Kf2 Nc3 55. Bxc3 Rxc3 56. Rxd2 Rxc6 57. Ra2 a6 58. Ra5 Kd7 59. Ke3 Rd6 60. Ke4 Kc7 61. Ke5 Rg6 62. Kf5 Kb6 63. Ra1 Rc6 64. g5 a5 65. Rb1+ Ka6 66. Rb8 Rc7 67. Ke4 Rg7 68. Rh8 Rd7 69. Ra8+ Kb5 70. Rb8+ Kc4 71. Ra8 Re7+ 72. Kf5 Kb4 73. Kf6 Rb7 74. Ke5 a4 75. Rf8 a3 76. Rf4+ Kb3 77. Rf3+ Ka4 78. Rf4+ Rb4 79. Rf7 Rh4 80. Ra7+ Kb3 81. Kf6 a2 82. Rb7+ Rb4 83. Ra7 Ra4 84. Rb7+ 0-1

[Event "Catalunya-chT Gp1 final"]
[Site "Barcelona"]
[Date "2016.04.02"]
[Round "2.1"]
[White "Colon Garcia, Enrique"]
[Black "Estrella Vidiella, Jordi"]
[Result "1-0"]
[WhiteElo "2303"]
[BlackElo "2278"]
[PlyCount "53"]
[EventDate "2016.03.12"]
[EventType "team-tourn"]
[EventRounds "4"]
[EventCountry "ESP"]
[SourceTitle "EXT 2017"]
[Source "ChessBase"]
[SourceDate "2016.10.25"]
[SourceVersion "1"]
[SourceVersionDate "2016.10.25"]
[SourceQuality "1"]
[WhiteTeam "Colon Sabadell"]
[BlackTeam "Foment Martinenc"]
[WhiteTeamCountry "ESP"]
[BlackTeamCountry "ESP"]

1. Nf3 Nf6 2. c4 g6 3. Nc3 Bg7 4. e4 d6 5. d4 0-0 6. Be2 e5 7. d5 a5 8. Bg5 h6 9. Bh4 Qe8 10. Nd2 Na6 11. 0-0 Nd7 12. a3 Rb8 13. Rb1 Bf6 14. Bxf6 Nxf6 15. b4 Ra8 16. Qc2 Qe7 17. Na4 b6 18. bxa5 Nc5 19. Nxc5 bxc5 20. Qc3 Ra7 21. Rb3 Bd7 22. f4 Ba4 23. fxe5 Nd7 24. exd6 cxd6 25. Rb2 Ne5 26. Nf3 Nxf3+ 27. Bxf3 1-0

[Event "Catalunya-chT Gp1"]
[Site "Barcelona"]
[Date "2016.01.30"]
[Round "2.3"]
[White "Estrella Vidiella, Jordi"]
[Black "Congiu, Mathilde"]
[Result "1/2-1/2"]
[WhiteElo "2278"]
[BlackElo "2267"]
[PlyCount "74"]
[EventDate "2016.01.23"]
[EventType "team-tourn"]
[EventRounds "7"]
[EventCountry "ESP"]
[SourceTitle "CBM 170 Extra"]
[Source "ChessBase"]
[SourceDate "2016.02.25"]
[SourceVersion "1"]
[SourceVersionDate "2016.02.25"]
[SourceQuality "1"]
[WhiteTeam "Foment Martinenc"]
[BlackTeam "Montcada"]
[WhiteTeamCountry "ESP"]
[BlackTeamCountry "ESP"]

1. d4 Nf6 2. Nf3 g6 3. Bg5 Bg7 4. Nbd2 c5 5. c3 d6 6. e4 0-0 7. Bd3 cxd4 8. cxd4 Nc6 9. d5 Nb4 10. Bc4 a5 11. 0-0 Bg4 12. Rb1 Na6 13. h3 Bxf3 14. Qxf3 Nc5 15. Qe2 a4 16. f4 Nfd7 17. Nf3 Nb6 18. e5 Nxc4 19. Qxc4 Rc8 20. Qb5 dxe5 21. fxe5 f6 22. Be3 Qxd5 23. Rfd1 Qc6 24. Qb4 b6 25. Rbc1 Qe6 26. Bxc5 bxc5 27. Qxa4 Bh6 28. Qc4 Be3+ 29. Kf1 Qxc4+ 30. Rxc4 fxe5 31. Re4 Bd4 32. Rd2 Rb8 33. b3 Rb4 34. Rde2 Bc3 35. Kf2 Ra8 36. Ke3 Bd4+ 37. Nxd4 exd4+ 1/2-1/2

[Event "Catalunya-chT"]
[Site "Spain"]
[Date "2003.??.??"]
[Round "4"]
[White "Estrella Vidiella, Jordi"]
[Black "Garcia Gil, Javier"]
[Result "0-1"]
[WhiteElo "2292"]
[BlackElo "2264"]
[PlyCount "59"]
[EventDate "2003.??.??"]
[EventType "team"]
[EventRounds "9"]
[EventCountry "ESP"]
[SourceTitle "EXT 2007"]
[Source "ChessBase"]
[SourceDate "2006.11.23"]
[SourceVersion "1"]
[SourceVersionDate "2006.11.23"]
[SourceQuality "1"]

1. d4 Nf6 2. Nf3 e6 3. g3 b6 4. Bg2 Bb7 5. 0-0 Be7 6. c4 0-0 7. Nc3 Ne4 8. Qc2 Nxc3 9. Qxc3 c5 10. Rd1 Bf6 11. Qd3 d5 12. cxd5 exd5 13. dxc5 bxc5 14. Qc2 Qb6 15. Ng5 Bxg5 16. Bxg5 Nc6 17. Rac1 Nd4 18. Qd2 Rfe8 19. Be3 Ne6 20. Bxd5 Rad8 21. b4 Rxd5 22. bxc5 Qc7 23. Qb4 Qc6 24. f3 Red8 25. Rxd5 Qxd5 26. Qa4 Bc6 27. Qxa7 Ra8 28. Qb6 Rxa2 29. Qb8+ Qd8 30. Rb1 0-1

[Event "Catalunya-chT"]
[Site "Spain"]
[Date "2003.??.??"]
[Round "8"]
[White "Estrella Vidiella, Jordi"]
[Black "Vehi Bach, Victor Manuel"]
[Result "0-1"]
[WhiteElo "2292"]
[BlackElo "2392"]
[PlyCount "110"]
[EventDate "2003.??.??"]
[EventType "team"]
[EventRounds "9"]
[EventCountry "ESP"]
[SourceTitle "EXT 2007"]
[Source "ChessBase"]
[SourceDate "2006.11.23"]
[SourceVersion "1"]
[SourceVersionDate "2006.11.23"]
[SourceQuality "1"]

1. e4 c5 2. c3 Nf6 3. e5 Nd5 4. d4 cxd4 5. Nf3 e6 6. cxd4 d6 7. a3 Bd7 8. Bd3 Bc6 9. 0-0 Nd7 10. Re1 Be7 11. Nc3 Nxc3 12. bxc3 dxe5 13. Nxe5 Nxe5 14. Rxe5 Bf6 15. Rh5 g6 16. Rh3 Qd5 17. Qf1 0-0 18. Bf4 Rac8 19. Re3 Qa5 20. Be2 Rfd8 21. Be5 Bxe5 22. dxe5 Rd5 23. f4 Qb6 24. Qf2 Rd2 25. Re1 Bb5 26. h3 Bxe2 27. R1xe2 Rxe2 28. Rxe2 Qxf2+ 29. Kxf2 Rxc3 30. Ra2 Rc4 31. g3 b5 32. Rb2 a6 33. Rb3 Kg7 34. h4 h6 35. Kf3 Ra4 36. Rc3 g5 37. hxg5 hxg5 38. Kg4 Kg6 39. Rd3 f6 40. Re3 Rc4 41. exf6 Kxf6 42. Re5 gxf4 43. gxf4 Rd4 44. Re3 Ke7 45. Kf3 Kd6 46. Rc3 a5 47. Ke3 Kd5 48. Rc8 Re4+ 49. Kf3 Ra4 50. Rc3 b4 51. axb4 axb4 52. Rd3+ Kc4 53. Rd6 b3 54. Rc6+ Kb5 55. Rxe6 b2 0-1

[Event "Catalunya-chT"]
[Site "Spain"]
[Date "2003.??.??"]
[Round "5"]
[White "Lerch Gallemi, Jose Maria"]
[Black "Estrella Vidiella, Jordi"]
[Result "0-1"]
[WhiteElo "2305"]
[BlackElo "2292"]
[PlyCount "60"]
[EventDate "2003.??.??"]
[EventType "team"]
[EventRounds "9"]
[EventCountry "ESP"]
[SourceTitle "EXT 2007"]
[Source "ChessBase"]
[SourceDate "2006.11.23"]
[SourceVersion "1"]
[SourceVersionDate "2006.11.23"]
[SourceQuality "1"]

1. e4 c5 2. Nc3 e6 3. f4 d5 4. Bb5+ Nc6 5. d3 Nge7 6. Nf3 a6 7. Bxc6+ Nxc6 8. 0-0 Be7 9. Qe1 0-0 10. Qg3 b5 11. e5 f5 12. Ne2 Nb4 13. Ne1 d4 14. c3 dxc3 15. bxc3 Nd5 16. c4 Nb6 17. cxb5 axb5 18. Be3 Nd5 19. Bf2 Bb7 20. Nc2 Qd7 21. Nc1 Ra4 22. Be1 Rfa8 23. Bd2 b4 24. Rb1 Rxa2 25. Nxa2 Rxa2 26. Rfc1 Qa4 27. Qe1 Rxc2 28. Ra1 Ra2 29. Rxa2 Qxa2 30. Ra1 Qc2 0-1

[Event "Catalunya-chT"]
[Site "Spain"]
[Date "1999.??.??"]
[Round "4"]
[White "Estrella Vidiella, Jordi"]
[Black "Vidarte Morales, Arturo"]
[Result "1-0"]
[WhiteElo "2325"]
[BlackElo "2425"]
[PlyCount "91"]
[EventDate "1999.??.??"]
[EventType "team"]
[EventRounds "9"]
[EventCountry "ESP"]
[SourceTitle "EXT 2000"]
[Source "ChessBase"]
[SourceDate "1999.11.16"]
[SourceVersion "1"]
[SourceVersionDate "1999.11.16"]
[SourceQuality "1"]

1. e4 d6 2. d4 g6 3. Nc3 Bg7 4. Be3 c6 5. Qd2 Nd7 6. h4 h5 7. f3 b5 8. 0-0-0 Qa5 9. Nh3 Ngf6 10. Kb1 Nb6 11. a3 Nc4 12. Bxc4 bxc4 13. e5 Rb8 14. Ka1 Nd5 15. Nxd5 Qxd5 16. exd6 Bxh3 17. Rxh3 exd6 18. c3 0-0 19. Bh6 Bxh6 20. Qxh6 Qb5 21. Qd2 Qb3 22. Rhh1 Rb5 23. Qc1 Rfb8 24. Rd2 Ra5 25. Re1 Rb6 26. Ree2 Rba6 27. Rc2 Kg7 28. g3 Rf5 29. f4 Rfa5 30. Rcd2 Qb5 31. Re7 Qd5 32. Re3 Rb5 33. Rf2 Qf5 34. Re1 Rb3 35. Re3 Ra4 36. Ree2 Ra5 37. Re3 Rbb5 38. Ree2 Rd5 39. Qc2 Qg4 40. Re3 Kf6 41. Ka2 Qf5 42. Qe2 Ra4 43. Re8 Qd3 44. Qe7+ Kg7 45. Qf8+ Kf6 46. Re5 1-0

[Event "Catalunya-chT"]
[Site "Spain"]
[Date "1998.??.??"]
[Round "7"]
[White "Estrella Vidiella, Jordi"]
[Black "Mellado Trivino, Juan"]
[Result "0-1"]
[WhiteElo "2305"]
[BlackElo "2505"]
[PlyCount "62"]
[EventDate "1998.01.??"]
[EventType "team"]
[EventRounds "9"]
[EventCountry "ESP"]
[SourceTitle "EXT 2003"]
[Source "ChessBase"]
[SourceDate "2002.11.25"]
[SourceVersion "1"]
[SourceVersionDate "2002.11.25"]
[SourceQuality "1"]

1. e4 d5 2. exd5 Nf6 3. d4 Nxd5 4. c4 Nb6 5. Nf3 g6 6. Nc3 Bg7 7. h3 0-0 8. Be2 Nc6 9. Be3 e5 10. d5 Ne7 11. Qd2 Nf5 12. Bc5 Re8 13. Ne4 Nd4 14. Bxb6 axb6 15. 0-0 b5 16. Nxd4 exd4 17. Ng3 bxc4 18. Bxc4 Bd7 19. Qd3 c5 20. dxc6 Bxc6 21. Rfe1 Qa5 22. Re2 Rxe2 23. Nxe2 Re8 24. Rd1 Qg5 25. Qg3 Qc5 26. Qb3 Re7 27. Nf4 Qf5 28. Ne2 Qe4 29. f3 Qh4 30. Qd3 Re3 31. Qd2 Bxf3 0-1

[Event "Perenyi Memorial 1st"]
[Site "Gyula"]
[Date "1997.??.??"]
[Round "3"]
[White "Estrella Vidiella, Jordi"]
[Black "Anka, Emil"]
[Result "1-0"]
[WhiteElo "2340"]
[BlackElo "2450"]
[PlyCount "141"]
[EventDate "1997.03.??"]
[EventType "tourn"]
[EventRounds "13"]
[EventCountry "HUN"]
[EventCategory "8"]
[SourceTitle "CBM 058 Extra"]
[Source "ChessBase"]
[SourceDate "1997.07.29"]
[SourceVersion "1"]
[SourceVersionDate "1997.07.29"]
[SourceQuality "1"]

1. e4 c5 2. c3 d5 3. exd5 Qxd5 4. d4 e6 5. Nf3 Nf6 6. Na3 Qd8 7. Bf4 Nc6 8. dxc5 Nd5 9. Bd6 Bxd6 10. cxd6 Qxd6 11. Nb5 Qb8 12. Bc4 Nf6 13. Qd6 Qxd6 14. Nxd6+ Ke7 15. 0-0-0 Rd8 16. Nxc8+ Raxc8 17. Bb5 Rxd1+ 18. Rxd1 Ne4 19. Bxc6 Rxc6 20. Nd4 Ra6 21. f3 Nd6 22. Kb1 g5 23. Re1 Ra5 24. b3 Rd5 25. Kc2 h5 26. Rd1 Ra5 27. a4 e5 28. Re1 Kf6 29. Ne2 h4 30. c4 Ra6 31. Nc3 Ke6 32. c5 Nf5 33. b4 Nd4+ 34. Kd3 Kf5 35. b5 Re6 36. Ne4 Kg6 37. Kc4 h3 38. gxh3 Nxf3 39. Rf1 Nd4 40. Nd6 Re7 41. Nc8 Rd7 42. Nxa7 f6 43. c6 bxc6 44. Nxc6 Nf5 45. Kc5 Rd2 46. Rxf5 Kxf5 47. b6 Rd7 48. a5 e4 49. Nd4+ Ke5 50. a6 Rd5+ 51. Kc6 Kxd4 52. b7 Rc5+ 53. Kb6 Rc1 54. a7 e3 55. a8Q e2 56. Qd8+ Ke3 57. Qe7+ Kd2 58. Qb4+ Kd1 59. b8Q e1Q 60. Q8d6+ Ke2 61. Qxe1+ Rxe1 62. Qxf6 Rg1 63. h4 gxh4 64. Qxh4 Kf3 65. Kc5 Rg4 66. Qh3+ Kf4 67. Qf1+ Kg5 68. Kd5 Kh4 69. Ke5 Rg5+ 70. Kf4 Rg4+ 71. Kf5 1-0

[Event "Perenyi Memorial 1st"]
[Site "Gyula"]
[Date "1997.??.??"]
[Round "6"]
[White "Estrella Vidiella, Jordi"]
[Black "Lukacs, Peter"]
[Result "1/2-1/2"]
[WhiteElo "2340"]
[BlackElo "2470"]
[PlyCount "38"]
[EventDate "1997.03.??"]
[EventType "tourn"]
[EventRounds "13"]
[EventCountry "HUN"]
[EventCategory "8"]
[SourceTitle "CBM 058 Extra"]
[Source "ChessBase"]
[SourceDate "1997.07.29"]
[SourceVersion "1"]
[SourceVersionDate "1997.07.29"]
[SourceQuality "1"]

1. e4 e5 2. Nf3 Nc6 3. Bb5 a6 4. Ba4 d6 5. 0-0 Bd7 6. c3 Nge7 7. d4 Ng6 8. Re1 Be7 9. Nbd2 0-0 10. Nf1 h6 11. Ng3 Bg5 12. Nxg5 hxg5 13. d5 Nb8 14. Bxd7 Nxd7 15. Nf5 f6 16. Qh5 Qe8 17. Qxg6 Qxg6 18. Ne7+ Kf7 19. Nxg6 Kxg6 1/2-1/2

[Event "Catalunya-chT"]
[Site "Catalunya"]
[Date "1996.??.??"]
[Round "?"]
[White "Estrella Vidiella, Jordi"]
[Black "Muriel Rojas, Francisco"]
[Result "0-1"]
[WhiteElo "2320"]
[BlackElo "2220"]
[PlyCount "114"]
[EventDate "1996.??.??"]
[EventType "team"]
[EventRounds "9"]
[EventCountry "ESP"]
[SourceTitle "EXT 1999"]
[Source "ChessBase"]
[SourceDate "1998.11.16"]
[SourceVersion "1"]
[SourceVersionDate "1998.11.16"]
[SourceQuality "1"]

1. e4 d6 2. d4 g6 3. Bc4 Nf6 4. f3 c6 5. Bb3 Bg7 6. Be3 a5 7. Nc3 b5 8. a3 Na6 9. Nge2 0-0 10. 0-0 b4 11. Na4 Nd7 12. c3 Rb8 13. Bc4 Nb6 14. Nxb6 Qxb6 15. axb4 axb4 16. Qd3 Nc7 17. d5 c5 18. f4 Bd7 19. h3 Ra8 20. Bd2 bxc3 21. Bxc3 Nb5 22. Bxg7 Kxg7 23. e5 Rxa1 24. Rxa1 Nc7 25. b3 f6 26. Qe3 Re8 27. e6 Bb5 28. f5 Ra8 29. Rxa8 Nxa8 30. h4 Bxc4 31. bxc4 Qb1+ 32. Kh2 Nb6 33. Qa3 Qxf5 34. Qa7 Qe5+ 35. Ng3 Nc8 36. Qd7 Qf4 37. Qxc8 Qxh4+ 38. Kg1 Qxg3 39. Qe8 Qe1+ 40. Kh2 Qh4+ 41. Kg1 f5 42. Qf7+ Kh6 43. Qf8+ Kh5 44. Qg7 h6 45. Qf7 Qg5 46. Qg7 f4 47. Qf7 Kg4 48. Qg7 f3 49. Qc3 Qf4 50. gxf3+ Qxf3 51. Qg7 Qe3+ 52. Kg2 Qd2+ 53. Kg1 Kf3 54. Qf7+ Qf4 55. Kh1 g5 56. Qh5+ Kf2 57. Qf7 Kg3 0-1

[Event "Catalunya-chT"]
[Site "Catalunya"]
[Date "1996.??.??"]
[Round "?"]
[White "Sanpera Bonet, Juan Carlos"]
[Black "Estrella Vidiella, Jordi"]
[Result "0-1"]
[WhiteElo "2115"]
[BlackElo "2320"]
[PlyCount "76"]
[EventDate "1996.??.??"]
[EventType "team"]
[EventRounds "9"]
[EventCountry "ESP"]
[SourceTitle "EXT 1999"]
[Source "ChessBase"]
[SourceDate "1998.11.16"]
[SourceVersion "1"]
[SourceVersionDate "1998.11.16"]
[SourceQuality "1"]

1. e4 c5 2. Nc3 Nc6 3. g3 g6 4. Bg2 Bg7 5. d3 d6 6. f4 e5 7. Nh3 Nge7 8. 0-0 0-0 9. f5 gxf5 10. exf5 f6 11. Nd5 Nxf5 12. Qh5 Nfe7 13. Nxf6+ Rxf6 14. Rxf6 Bxf6 15. Be4 Nf5 16. Bxf5 Bxf5 17. Qxf5 Nd4 18. Qg4+ Kh8 19. Bg5 Bxg5 20. c3 Be3+ 21. Kg2 Nc6 22. Re1 Bd2 23. Re2 Bc1 24. Rc2 Be3 25. Re2 Bc1 26. Rc2 Be3 27. Re2 Bh6 28. Rf2 Qg8 29. Qd7 Qd5+ 30. Kf1 Qxd3+ 31. Ke1 Qb1+ 32. Ke2 Qxb2+ 33. Kd3 e4+ 34. Kxe4 Qxc3 35. Rf7 Qc2+ 36. Kd5 Qd3+ 37. Ke6 Nd8+ 38. Ke7 Nxf7 0-1

[Event "Catalunya-chT"]
[Site "Spain"]
[Date "1994.??.??"]
[Round "?"]
[White "Estrella Vidiella, Jordi"]
[Black "Carrey Abellan, Enric"]
[Result "1-0"]
[WhiteElo "2380"]
[BlackElo "2065"]
[PlyCount "48"]
[EventDate "1994.??.??"]
[EventType "team"]
[EventRounds "9"]
[EventCountry "ESP"]
[SourceTitle "EXT 2003"]
[Source "ChessBase"]
[SourceDate "2002.11.25"]
[SourceVersion "1"]
[SourceVersionDate "2002.11.25"]
[SourceQuality "1"]

1. e4 c5 2. c3 d5 3. exd5 Qxd5 4. d4 Nc6 5. Nf3 Bg4 6. Be2 cxd4 7. cxd4 Nf6 8. 0-0 e6 9. h3 Bh5 10. Nc3 Qd8 11. Be3 Bd6 12. Qb3 Qe7 13. Rad1 0-0 14. Rfe1 Rad8 15. Bg5 h6 16. Bxf6 Qxf6 17. d5 Bxf3 18. Bxf3 Nd4 19. Rxd4 Qxd4 20. dxe6 fxe6 21. Qxe6+ Kh8 22. Nb5 Qb6 23. Nxd6 Rxd6 24. Qe7 Rdf6 1-0